000 00721nam a2200289Ia 4500
005 20260324150733.0
008 008 260324s9999 xx 000 0 eng d
020 _a9781003595779
037 _aEBOOK
040 _aCRL
040 _beng
040 _cCRL
041 _2eng
041 _aeng
084 _qCRL
100 _aMargery Fry; M. GrĂ¼nhut; Hermann Mannheim; Wanda Grabinska; C.D. Rackham
_91227436
245 0 _aLawless Youth
245 2 _bA Challenge to the New Europe
260 _bTaylor and Francis
260 _c1947
365 _a
365 _b145
856 _uhttp://www.taylorfrancis.com/books/9781003595779
942 _cEBOOK
999 _c1837426
_d1837426